Problem of number theory in mathematical competition. / (Record no. 5383)

MARC details
000 -LEADER
fixed length control field 00800nam a22001577a 4500
008 - FIXED-LENGTH DATA ELEMENTS--GENERAL INFORMATION
fixed length control field 150212b xxu||||| |||| 00| 0 eng d
020 ## - INTERNATIONAL STANDARD BOOK NUMBER
International Standard Book Number 97898142711411
050 ## - LIBRARY OF CONGRESS CALL NUMBER
Classification number QA241.78
100 ## - MAIN ENTRY--PERSONAL NAME
Personal name Bing-Hong, Yu
245 ## - TITLE STATEMENT
Title Problem of number theory in mathematical competition. /
Statement of responsibility, etc. Yu Bing-Hong
260 ## - PUBLICATION, DISTRIBUTION, ETC.
Place of publication, distribution, etc. London:
Name of publisher, distributor, etc. ECNUP,
Date of publication, distribution, etc. 2010.
300 ## - PHYSICAL DESCRIPTION
Extent 106p.:
Other physical details ill.;
Dimensions 23cm.
500 ## - GENERAL NOTE
General note Includes appendix.
505 ## - FORMATTED CONTENTS NOTE
Formatted contents note Contents:Divisibility -- Greatest common divisors and least common multiples -- Prime numbers and unique factorization theorem -- Indeterminate equations(I) -- Selected lectures on competition problems(I) -- Congruence -- Some famous theorems in number theory -- Order and its application -- Indeterminate equations(II) -- Selected lectures on competition problems(II).
942 ## - ADDED ENTRY ELEMENTS (KOHA)
Source of classification or shelving scheme Library of Congress Classification
Koha item type Books
Holdings
Withdrawn status Lost status Source of classification or shelving scheme Damaged status Not for loan Home library Current library Shelving location Date acquired Total Checkouts Full call number Barcode Date last seen Copy number Price effective from Koha item type
    Library of Congress Classification     WISCONSIN INTERNATIONAL UNIVERSITY COLLEGE, GHANA - MAIN LIBRARY WISCONSIN INTERNATIONAL UNIVERSITY COLLEGE, GHANA - MAIN LIBRARY Reference 12/02/2015   QA241.78 6680/12 12/02/2015 1 12/02/2015 Books

If you have any concerns or questions; kindly contact the library


© Powered by WIUC ICT DIRECTORATE